Comer, rezar, amar /

A los treinta y un años y con una vida aparentemente perfecta, Elizabeth Gilbert se traslada con su marido a las afueras de Nueva York y decide intentar tener un hijo, solo para darse cuenta de que no quería ni un hijo ni un marido. En plena crisis emocional y espiritual decide empezar de nuevo y em...

Descripción completa

Guardado en:
Autor Principal: Gilbert, Elizabeth.
Otros Autores: Bustelo, Gabriela; trad.
Formato: Libro
Idioma:Undetermined
Publicado: Buenos Aires : De bolsillo, 2020.
Edición:2a ed.
Series:Best seller
Materias:
Etiquetas: Agregar Etiqueta
Sin Etiquetas, Sea el primero en etiquetar este registro!
LEADER 01192nam a22001935a 4500
001 CEM.cems025014
008 251211s2020####ag############000#0#und#d
005 20251211155723.0
245 1 0 |a Comer, rezar, amar /  |c Elizabeth Gilbert ; traducción de Gabriela Bustelo. 
250 |a 2a ed. 
260 |a Buenos Aires :  |b De bolsillo,  |c 2020. 
300 |a 510 p. 
490 1 |a Best seller 
520 |a A los treinta y un años y con una vida aparentemente perfecta, Elizabeth Gilbert se traslada con su marido a las afueras de Nueva York y decide intentar tener un hijo, solo para darse cuenta de que no quería ni un hijo ni un marido. En plena crisis emocional y espiritual decide empezar de nuevo y emprender un largo viaje. Este libro es la bitácora de esa travesía, en la que la autora descubrirá el placer sensual de la buena mesa y la buena conversación la dolce vita romana, la paz interior alcanzada mediante la meditación en Bombay y, por fin, el deseado equilibrio entre cuerpo y espíritu en Bali. 
020 |a 9789877253757 
100 1 |a Gilbert, Elizabeth. 
700 1 |a Bustelo, Gabriela; trad. 
653 |a Autobiografía 
859 |a CEMS  |b BIB. CEMS - 11 de abril  |h 928  |i G464  |p 30443.25  |t Ej.1